Responses for show #7442 - Tuesday, January 10, 2017

Contestants

[<< previous game]

Libby Hunt, a retired consultant from Dallas, Texas

Colby Taylor, an assistant professor of psychology from Olive Branch, Mississippi

Blair Moorhead, a social worker from Arlington, Virginia (whose 1-day cash winnings total $17,402)

[next game >>]

Jeopardy! Round responses

"ROLL" CALL
ENTERTAINMENT UNDER THE SEA
NEW WORDS IN THE 1600s
THE CIVIL WAR
WE PREDICT YOUR HOROSCOPE
WHERE'S THAT OPERA HOUSE?
(Alex: You name the city for us.)
    $200 6
bankroll

Blair
    $200 1
David Hasselhoff

Blair
    $200 4
an abacus

Blair
    $200 11
the Potomac

Blair
    $200 18
(Colby: What is Pisces?)

Gemini

BlairColby
    $200 17
Madrid

Blair
    $400 7
rolltide

Colby
    $400 2
a clownfish

Blair
    $400 19
a tabby

Libby
    $400 13
Georgia

Colby
    $400 27
Aries

Colby
    $400 23
Milan

Libby
    $600 8
roll with the punches

Colby
    $600 3
clam

Colby
    $600 20
the pelvis

Libby
    $600 14
the Anaconda Plan

Colby
    $600 28
Scorpio

Colby
    $600 24
Vienna

Libby
    $800 9
(Alex: And he got one, by the way.)

a roll in the hay

Libby
    $800 5
an orca (or killer whale)

Colby
    $800 21
the palazzo

Libby
    $800 15
Antietam

Colby
    $800 29
Cancer

Colby
    $800 25
Zagreb

Colby
    $1000 10
a barrel roll

Colby
    $1000 12
Barnacle Boy

Triple Stumper
    $1000 22
deciduous

Blair
    $3,000 16
unconditional surrender

Colby
    $1000 30
Virgo

Colby
    $1000 26
Baden-Baden

Triple Stumper

Scores at the first commercial break (after clue 15):

Blair Colby Libby
$1,200 $5,200 $800

Scores at the end of the Jeopardy! Round:

Blair Colby Libby
$2,600 $11,600 $3,600

Double Jeopardy! Round responses

ROLE CALL
(Alex: We will give you a list of roles--characters--and you identify the film that featured those characters.)
SCIENCE
WOMEN POETS
VARIETY PACK
11-LETTER WORDS
FORT-ITUDE
    $400 1
Casablanca

Blair
    $400 6
Saturn

Blair
    $400 13
Emily Dickinson

Colby
    $400 27
AARP

Libby
    $400 18
spacewalker

Triple Stumper
    $400 8
Fort Bragg

Colby
    $800 2
Avatar

Blair
    $800 7
Zika

Colby
    $800 15
poet laureate

Colby
    $800 29
taupe

Libby
    $800 19
pontificate

Colby
    $800 9
Fort Knox

Colby
    $1200 3
Apollo 13

Libby
    $1200 14
mass

Libby
    $1200 30
Elizabeth Barrett Browning

Colby
    $1200 25
a slot machine

Libby
    $1200 20
(Blair: What is declension?)

conjugation

BlairColby
    $1200 10
Kansas

Triple Stumper
    $1600 4
The Shawshank Redemption

Blair
    $1600 16
monsoons

Colby
    $3,000 23
(Libby: Who is... uh, I want to say Edith Wharton. I know that's not right.)
...
(Alex: ...the pedestal to the Statue of Liberty.)

Emma Lazarus

Libby
    $1600 26
(Alex: Less than a minute now.)

Pele

Colby
    $3,000 21
(Colby: What is a commemoration?)

a testimonial

Colby
    $1600 11
Geronimo

Colby
    $2000 5
Crouching Tiger, Hidden Dragon

Blair
    $2000 17
an electromagnetic pulse

Triple Stumper
    $2000 24
Rossetti

Libby
    $2000 28
diphtheria

Blair
    $2000 22
d├ęcolletage

Libby
    $2000 12
(Libby: Who is Andrew Johnson?)

(Hannibal) Hamlin

BlairLibby

Scores at the end of the Double Jeopardy! Round:

Blair Colby Libby
$10,600 $19,800 $7,400

[wagering suggestions for these scores]

Final Jeopardy! Round responses

BEATLES SONGS
LibbyWhat is Get Back?
$7,398
BlairWhat is Yellow Submarine?
$4,201
ColbyWhat is Hey Jude?
$1,401
"Yellow Submarine"

Final scores:

Blair Colby Libby
$14,801 $18,399 $2
2nd place: $2,000 New champion: $18,399 3rd place: $1,000

Game dynamics:

Coryat scores:

Blair Colby Libby
$10,600 $20,800 $10,400
15 R,
1 W
25 R
(including 1 DD),
2 W
(including 1 DD)
13 R,
2 W
(including 1 DD)

Combined Coryat: $41,800

The J! Archive is created by fans, for fans. The Jeopardy! game show and all elements thereof, including but not limited to copyright and trademark thereto, are the property of Jeopardy Productions, Inc. and are protected under law. This website is not affiliated with, sponsored by, or operated by Jeopardy Productions, Inc. Join the discussion at JBoard.tv.